Ascensión y caída de Picasso / (Record no. 31940)

MARC details
000 -LEADER
campo de control de longitud fija 00778nam a2200241 i 4500
001 - NÚMERO DE CONTROL
campo de control 31940
003 - IDENTIFICADOR DE NÚMERO DE CONTROL
campo de control ES-MaACL
005 - FECHA Y HORA DE LA ÚLTIMA TRANSACCIÓN
campo de control 20240426125956.0
007 - CAMPO FIJO DE DESCRIPCIÓN FÍSICA--INFORMACIÓN GENERAL
campo de control de longitud fija t|
008 - DATOS DE LONGITUD FIJA--INFORMACIÓN GENERAL
campo de control de longitud fija 030130s1973 sp ||||1| spa d
020 ## - NÚMERO INTERNACIONAL ESTÁNDAR DEL LIBRO
Número Internacional Estándar del Libro 84-7329-010-0
080 ## - NÚMERO DE LA CLASIFICACIÓN DECIMAL UNIVERSAL
Número de la Clasificación Decimal Universal 929:75 Picasso, Pablo
100 1# - ENTRADA PRINCIPAL--NOMBRE DE PERSONA
Nombre de persona Berger, John.
9 (RLIN) 27959
245 10 - MENCIÓN DEL TÍTULO
Título Ascensión y caída de Picasso /
Mención de responsabilidad, etc. John Berger ; [traducción y prólogo, Manuel de la Escalera].
260 ## - PUBLICACIÓN, DISTRIBUCIÓN, ETC.
Lugar de publicación, distribución, etc. Madrid :
Nombre del editor, distribuidor, etc. Akal,
Fecha de publicación, distribución, etc. [1973]
300 ## - DESCRIPCIÓN FÍSICA
Extensión 174 p., 32 lám. ;
Dimensiones 21 cm.
490 1# - MENCIÓN DE SERIE
Mención de serie Akal mensual ;
Designación de volumen o secuencia 4
600 17 - PUNTO DE ACCESO ADICIONAL DE MATERIA--NOMBRE DE PERSONA
Nombre de persona Picasso, Pablo,
Fechas asociadas al nombre 1881-1973-
Subdivisión general Biografías
Fuente del encabezamiento o término
9 (RLIN) 168871
700 0# - ENTRADA AGREGADA--NOMBRE PERSONAL
Nombre de persona Escalera, Manuel de la,
Fechas asociadas al nombre 1895-1994
9 (RLIN) 47481
830 1# - PUNTO DE ACCESO ADICIONAL DE SERIE-TÍTULO UNIFORME
Título uniforme Akal mensual ;
Designación de volumen o secuencia 4
9 (RLIN) 182398
852 ## - LOCALIZACIÓN
Ubicación ES-MaACL
Número de control de estantería C-52408
Holdings
Estatus retirado Estado de pérdida Estado de daño No para préstamo Biblioteca de origen Biblioteca actual Ubicación en estantería Fecha de adquisición Fuente de adquisición Total de préstamos Signatura topográfica completa Código de barras Visto por última vez Precio de reemplazo Tipo de ítem Koha
        Biblioteca del Ateneo de Madrid Biblioteca del Ateneo de Madrid Depósito 2 17/01/2008     C-52408 1033035 23/02/2023 23/02/2023 Libro impreso